Are You Smarter Than a Amoeba? Easy Bio-Trivia! 2 - Statistics

General Stats
  • This quiz has been taken 3 times
  • The average score is 11 of 15
Answer Stats
Question Answer % Correct
What is a sea cucumber? a marine invertebrate
100%
What are the building blocks of proteins? amino acids
100%
The name of which life-form is derived from the Latin word for “mushroom” but also applies to yeast and mold? fungus
100%
What is the name of the dormant state in which an animal’s body temperature decreases and heartbeat and breathing rate slow down? hibernation
100%
What is the maintenance of a relatively constant internal environment known as? homeostasis
100%
Who proved that contamination with microorganisms, rather than mere exposure to air, is responsible for food spoilage and disease? Louis Pasteur
100%
What substance acts as a catalyst for biological reactions in living organisms? enzyme
67%
Which of these amino acids, first isolated from gelatin, is the simplest? glycine
67%
Which American biologist and geneticist deduced that the sex of an individual is determined by a particular chromosome? Nettie Maria Stevens
67%
What is the history of the evolution of a species or group? phylogeny
67%
Some flagellates are animal-like and some are plantlike, but all belong to which group of organisms? protozoans
67%
A squid and an octopus are both cephalopods with eight arms, but how is a squid different from an octopus? a squid has two long tentacles in addition to the eight arms
33%
Which American biologist popularized sociobiology, the study of the genetic basis of the social behaviour of all animals, including humans? Edward O. Wilson
33%
Embryos grow into the shape of a complete organism via the differentiation of cells, tissues, and organs. What is this process called? morphogenesis
33%
Chlorella algae has been studied as a food source because it is rich in which nutrients? proteins
33%
No matching quizzes found
Score Distribution
Percent of People with Each Score
Percentile by Number Answered
Your Score History
You have not taken this quiz